00323nam a22001097a 4500008004100000040005500041080001900096100001500115245002400130260003700154650002200191230705b |||||||| |||| 00| 0 eng d aNational Science LibrarycNational Science Library a929:294.51bN7 aRola, Roma aRamkrishan parmhans aDelhi: bRajkamal prakas, c1994 aHindi literature